[Event "WYCC Boys U16"]
[Site "Vung Tau City VIE"]
[Date "2008.10.24"]
[Round "6"]
[White "Koohestani,S"]
[Black "Kiuttu,R"]
[Result "1/2-1/2"]
[WhiteElo "2146"]
[BlackElo "2083"]

1.d4 d5 2.Nf3 Nf6 3.c4 c6 4.g3 dxc4 5.Bg2 Bf5 6.Nc3 e6 7.Ne5 Nbd7 8.Nxc4 Be7
9.O-O O-O 10.e4 Bg6 11.Be3 b5 12.Ne5 Rc8 13.Nxg6 hxg6 14.h3 a6 15.f4 Nb6
16.Qe2 c5 17.Rfd1 cxd4 18.Bxd4 Qc7 19.Rac1 Kh8 20.Nxb5 Qxc1 21.Rxc1 Rxc1+
22.Kh2 axb5 23.Bxb6 Bc5 24.Qd2 Rc4 25.Bxc5 Rxc5 26.h4 Rfc8 27.Kh3 e5 28.fxe5 Rxe5
29.Qd4 Rce8 30.a4 bxa4 31.Qxa4 g5 32.hxg5 Rxg5 33.Bf3 Rge5 34.Qa7 R5e7 35.Qc5 Nxe4
36.Bxe4 Rxe4 37.b4 R4e7 38.Qb6 Kg8 39.b5 Rc8 40.Kh2 Kh7 41.Kh3 g6 42.Kh4 Rce8
43.Kh3 Kg7 44.Qd4+ f6 45.Qb6 Rh8+ 46.Kg2 Rf7 47.Kf3 Re7 48.Kg2 Ra8 49.Kh3 g5
50.Kg4 Kg6 51.Kh3 Rae8 52.Qd6 Rb7 53.Qd3+ Kh6 54.Qd6 Kg7 55.Kg4 Re5 56.Kh5 Rexb5
57.Qd3 R5b6 58.Qg6+ Kf8 59.Qf5 Rc7 60.Kg6 Rbc6 61.Qd5 f5+ 62.Kxg5 Rg7+  1/2-1/2

[Event "Vasylyshyn Mem"]
[Site "Lviv UKR"]
[Date "2008.10.25"]
[Round "7"]
[White "Nyzhnyk,I"]
[Black "Zherebukh,Y"]
[Result "1/2-1/2"]
[WhiteElo "2444"]
[BlackElo "2473"]

1.d4 d5 2.c4 c6 3.Nf3 Nf6 4.Qc2 g6 5.cxd5 cxd5 6.Bf4 Bg7 7.Nc3 O-O 8.e3 Nc6
9.Be2 Bf5 10.Qb3 Na5 11.Qb4 Nh5 12.Be5 f6 13.Bg3 Nxg3 14.hxg3 g5 15.Rc1 e6
16.O-O Rf7 17.Nd2 Bf8 18.Qa4 a6 19.b4 Nc6 20.a3 Rc8 21.Qb3 Rfc7 22.Qb2 b5
23.Nb3 Bg6 24.Nc5 Bxc5 25.dxc5 Rb8 26.Rcd1 Rd7 27.Qb3 Bf7 28.a4 bxa4 29.Qxa4 Nxb4
30.Rb1 Rdb7 31.Bxa6 Be8 32.Qa3 Nc2 33.Qa2 Nb4 34.Qa3 Nc2 35.Qa2 Nb4 36.Qa3 Nc2  1/2-1/2

[Event "12th Corsica Masters"]
[Site "Bastia/Ajaccio FRA"]
[Date "2008.10.26"]
[Round "6"]
[White "Agrest,E"]
[Black "Sanchez,Joseph"]
[Result "1/2-1/2"]
[WhiteElo "2574"]
[BlackElo "2471"]

1.Nf3 d5 2.d4 c6 3.c4 Nf6 4.Qb3 dxc4 5.Qxc4 Bf5 6.g3 e6 7.Bg2 Nbd7 8.Nc3 Be7
9.Qb3 Qb6 10.Nd2 e5 11.d5 Rc8 12.dxc6 bxc6 13.Nc4 Qc7 14.Be3 O-O 15.O-O Rb8
16.Qd1 Rfd8 17.Qc1 Nc5 18.Bxc5 Bxc5 19.Na4 Be7 20.Ne3 Be4 21.Bxe4 Nxe4 22.Qc2 Nd6
23.Nd5 Qd7 24.Qxc6 Bf8 25.Qxd7 Rxd7 26.Rfd1 h5 27.Rac1 Rdd8 28.b3 f6 29.Nc5 Kf7
30.Na6 Rb7 31.Ne3 Be7 32.Rc6 h4 33.gxh4 g6 34.Nc5 Rbb8 35.Na6 Rb7 36.Rd3 Nb5
37.Rxd8 Bxd8 38.Nc5 Rc7 39.Rxc7+ Bxc7 40.Nd5 Bd6 41.Ne4 Be7 42.e3 f5 43.Nec3 Nd6
44.h5 gxh5 45.Kf1 Bh4 46.Ke2 Ke6 47.Nc7+ Kd7 48.N7b5 Nc8 49.Nd5 a6 50.Nbc3 Nd6
51.f3 Bd8 52.Kd3 Ke6 53.e4 fxe4+ 54.fxe4 Nf7 55.Na4 Kd6 56.b4 Kc6 57.Nac3 Ng5
58.Ke3 Ne6 59.a4 Nd4 60.Kd3 Ne6 61.Kc4 Ng5 62.b5+ axb5+ 63.axb5+ Kb7 64.Nb4 Ba5
65.Nbd5 Bd8 66.Kd3 Nf3 67.Na4 Nxh2 68.Nc5+ Ka7 69.Nd7 Ng4 70.Nb4 Bb6 71.Nc6+ Kb7
72.Ncxe5 Nxe5+ 73.Nxe5 h4 74.Nf3 h3 75.e5 Kc7 76.Ke4 Bg1 77.Kd5 h2 78.e6 Kd8
79.b6 Ke7  1/2-1/2

[Event "WYCC Boys U14"]
[Site "Vung Tau City VIE"]
[Date "2008.10.26"]
[Round "7"]
[White "Ismailov,M"]
[Black "Mammadov,Z"]
[Result "1-0"]
[WhiteElo "2040"]
[BlackElo "2132"]

1.d4 d5 2.c4 c6 3.Nf3 Nf6 4.Qc2 Na6 5.e3 g6 6.Nbd2 Bg7 7.Be2 O-O 8.O-O Nc7
9.Rd1 Bf5 10.Bd3 e6 11.e4 dxe4 12.Nxe4 Nxe4 13.Bxe4 Bxe4 14.Qxe4 Ne8 15.Bf4 Nf6
16.Qe2 Qb6 17.Ne5 Rad8 18.Be3 Qc7 19.Bg5 h6 20.Bh4 Qb6 21.c5 Qc7 22.Qf3 Qe7
23.Rd3 Rd5 24.Rad1 Rfd8 25.g4 g5 26.Bg3 Ne8 27.h4 Bf6 28.hxg5 hxg5 29.Kg2 Kg7
30.Qe4 Nc7 31.Rh1 Rh8 32.Rxh8 Kxh8 33.Bh2 Ne8 34.Rh3+ Kg8 35.Nf3 Bg7 36.Be5 f6
37.Bg3 Qf7 38.Qe3 Kf8 39.Rh1 Ke7 40.Qa3 a6 41.Re1 Bf8 42.Qb4 Rd7 43.d5 e5
44.dxc6 bxc6 45.Nxe5 Qd5+ 46.Kh2 Rc7 47.Qb8 fxe5 48.Rxe5+ Qxe5 49.Bxe5 Rd7
50.Qb6 Rd2 51.Kg2  1-0

[Event "WYCC Boys U16"]
[Site "Vung Tau City VIE"]
[Date "2008.10.27"]
[Round "8"]
[White "Koohestani,S"]
[Black "Tan Weiliang"]
[Result "0-1"]
[WhiteElo "2146"]
[BlackElo "2040"]

1.d4 d5 2.Nf3 Nf6 3.c4 c6 4.Qc2 g6 5.e3 Bg7 6.Nbd2 O-O 7.Bd3 Nbd7 8.O-O Re8
9.e4 dxe4 10.Nxe4 Nxe4 11.Bxe4 e5 12.Bg5 Qc7 13.dxe5 Nxe5 14.Nd2 h6 15.Bh4 f5
16.Bf3 g5 17.Bh5 Nf7 18.Bg3 f4 19.Rae1 Rf8 20.Ne4 Ne5 21.h4 fxg3 22.hxg5 hxg5
23.fxg3 Bf5 24.Nf6+ Rxf6 25.Rxf5 Rxf5 26.Qxf5 Qe7 27.Rd1 Rf8 28.Qe4 Qc5+
29.Kh2 Qxc4 30.Qe1 Ng4+  0-1

[Event "IX Rapid Open"]
[Site "El Sauzal ESP"]
[Date "2008.11.01"]
[Round "4"]
[White "Pereda de Pablo,E"]
[Black "Leon Varela,L"]
[Result "1/2-1/2"]
[WhiteElo "2128"]
[BlackElo "2166"]

1.d4 d5 2.Nf3 Nf6 3.c4 c6 4.Qc2 dxc4 5.Qxc4 b5 6.Qc2 Bb7 7.g3 e6 8.Bg2 Nbd7
9.Bg5 Rc8 10.O-O c5 11.Rd1 cxd4 12.Qb3 Qb6 13.Nxd4 Bxg2 14.Kxg2 a6 15.Bxf6 gxf6
16.Qf3 Bc5 17.Nb3 Be7 18.Nc3 Ne5 19.Qf4 Ng6 20.Qe4 f5 21.Qd4 Qc6+ 22.Kg1 b4
23.Na5 Qc7 24.Na4 O-O 25.Qb6 Qe5 26.e3 Bd8 27.Nc6 Bxb6 28.Nxe5 Nxe5 29.Nxb6 Rc2
30.b3 Ng4 31.Rf1 Rd8 32.Nc4 Rd3 33.h3 Nf6  1/2-1/2

[Event "Open A"]
[Site "Le Touquet FRA"]
[Date "2008.11.01"]
[Round "9"]
[White "Housieaux,D"]
[Black "Gormally,D"]
[Result "1/2-1/2"]
[WhiteElo "2425"]
[BlackElo "2514"]

1.Nf3 Nf6 2.c4 c6 3.d4 d5 4.Qc2 e6 5.Bg5 Nbd7 6.e3 Qa5+ 7.Nbd2 Ne4 8.Bh4 Bb4
9.Bd3 Nxd2 10.Nxd2 dxc4 11.Bxc4 Nb6 12.Bd3 c5 13.dxc5 Qxc5 14.Qxc5 Bxc5 15.Rc1 Bd6
16.Ne4 Bb4+ 17.Ke2 Nd5 18.a3 Be7 19.Bg3 Bd7 20.Nd6+ Bxd6 21.Bxd6 Bc6 22.e4 Ne7
23.b4 Rd8 24.Bg3 a6 25.f3 O-O 26.Rc3 Rd7 27.Rd1 Ba4 28.Rc7 Rfd8 29.Rxd7 Rxd7
30.Rc1 Nc6 31.Ke3 f6 32.Rc5 Kf7 33.f4 Nd4 34.f5 exf5 35.exf5 Bc6 36.Kf2 g6
37.fxg6+  1/2-1/2

[Event "TCh-ESP CECLUB Final"]
[Site "Motril ESP"]
[Date "2008.11.01"]
[Round "1"]
[White "Alekseev,Evgeny"]
[Black "Harikrishna,P"]
[Result "1/2-1/2"]
[WhiteElo "2715"]
[BlackElo "2659"]

1.d4 d5 2.c4 c6 3.Nf3 Nf6 4.Qb3 dxc4 5.Qxc4 Bf5 6.Nc3 Nbd7 7.g3 e6 8.Bg2 Be7
9.O-O O-O 10.Re1 Bg6 11.e3 c5 12.Qb3 Rb8 13.a4 a6 14.a5 b5 15.axb6 Rxb6 16.Qc4 cxd4
17.exd4 a5 18.Qe2 Bb4 19.Bd2 Rb8 20.Rec1 Bh5 21.Bf4 Rc8 22.Qb5 Qb6 23.Qxb6 Nxb6
24.Ne5 Nc4 25.Na2 Nxe5 26.dxe5 Nd5 27.Nxb4 axb4 28.Bd2 b3 29.f4 Bg6 30.Kf2 Bc2
31.Bxd5  1/2-1/2

[Event "TCh-NED 2008-9"]
[Site "Netherlands NED"]
[Date "2008.11.01"]
[Round "2"]
[White "Landa,K"]
[Black "Berkvens,J"]
[Result "1-0"]
[WhiteElo "2615"]
[BlackElo "2431"]

1.Nf3 Nf6 2.c4 c6 3.d4 d5 4.Qb3 e6 5.Bg5 Nbd7 6.Nc3 Qa5 7.Bd2 Qd8 8.Rc1 Bd6
9.Bg5 h6 10.Bh4 dxc4 11.Qxc4 O-O 12.e3 e5 13.Bd3 Nb6 14.Qb3 exd4 15.Bxf6 Qxf6
16.Ne4 Qe7 17.Nxd6 Qxd6 18.Nxd4 Rd8 19.O-O c5 20.Nb5 Qc6 21.Qa3 Na4 22.Bc4 a6
23.Qxa4 axb5 24.Qxa8 bxc4 25.Rfd1 Re8 26.Qb8 Bh3 27.Qg3 Be6 28.Qd6 Qb5 29.Rd2 Qa5
30.Rcd1 Rc8 31.Qe7 Qxa2 32.Qxb7 Qa4 33.h3 Kh7 34.Qe4+ g6 35.Qe5 Qa8 36.Qf6 Qb8
37.Rd8  1-0

[Event "TCh-NED 2008-9"]
[Site "Netherlands NED"]
[Date "2008.11.01"]
[Round "2"]
[White "Van der Stricht,G"]
[Black "Van der Poel,H"]
[Result "1-0"]
[WhiteElo "2426"]
[BlackElo "2296"]

1.d4 d5 2.c4 c6 3.Nf3 Nf6 4.Qc2 dxc4 5.e4 b5 6.b3 cxb3 7.axb3 g6 8.Bd2 Bg7
9.Ba5 Qd7 10.Nbd2 Qb7 11.Bd3 O-O 12.O-O Na6 13.Ne5 Bd7 14.Ndf3 Rac8 15.Qa2 c5
16.Bd2 Nb8 17.dxc5 Ng4 18.Bf4 Nxe5 19.Nxe5 Rxc5 20.Nxd7 Qxd7 21.Qxa7 Qxd3
22.Qxc5 Bxa1 23.Rxa1 Qxe4 24.Bh6 Rd8 25.Qxb5 Nc6 26.h3 Nd4 27.Qb6 Qd5 28.b4 Nf5
29.Bf4 Rc8 30.Qa5 Qe4 31.Bd2 Nh4 32.Qg5 Nf5 33.Qg4 Qd5 34.Be1 Rc4 35.Qg5 h6
36.Qd2 Rd4 37.Qe2 Nh4 38.f3 Nf5 39.Ra5 Qd6 40.Ra8+ Kh7 41.Ra6 Qf4 42.Rc6 h5
43.b5 Ra4 44.Qb2 Rd4 45.Qb3 Ne3 46.Bg3 Rd1+ 47.Qxd1 Qxg3 48.Qd2 Nxg2 49.Qxg2 Qe1+
50.Qf1 Qg3+ 51.Kh1  1-0

[Event "TCh-BEL 2008-9"]
[Site "Belgium BEL"]
[Date "2008.11.02"]
[Round "3"]
[White "Beeckmans,F"]
[Black "Michiels,B"]
[Result "0-1"]
[WhiteElo "2297"]
[BlackElo "2427"]

1.d4 d5 2.c4 c6 3.Nf3 Nf6 4.Qc2 dxc4 5.Qxc4 Bf5 6.g3 Nbd7 7.Bg2 e6 8.O-O Be7
9.Nc3 O-O 10.Nh4 Nb6 11.Qb3 Qxd4 12.e4 Bg4 13.h3 Bh5 14.g4 Bg6 15.Rd1 Qb4
16.Qxb4 Bxb4 17.f4 Bxc3 18.Nxg6 Rfd8 19.Rxd8+ Rxd8 20.Ne7+ Kf8 21.bxc3 Kxe7
22.Be3 Rd3 23.Bd4 Na4 24.Rb1 b6 25.Rb3 c5 26.Be5 Rd1+ 27.Kh2 Rd2 28.Ra3 b5
29.c4 a6 30.Kg1 Kd7 31.f5 Ne8 32.Bf1 Kc6 33.g5 g6 34.fxg6 hxg6 35.Rf3 Rd7
36.Ra3 Rd1 37.Rf3 bxc4 38.Rxf7 c3 39.Rf2 Nd6 40.Rc2 Nc4 41.Bf4 Nd2 42.Kg2 Nxf1
43.h4 Rd2+ 44.Bxd2 cxd2 45.Rxd2 Nxd2 46.h5 gxh5  0-1

[Event "TCh-HUN 2008-9"]
[Site "Budapest HUN"]
[Date "2008.11.02"]
[Round "2"]
[White "Kerek,C"]
[Black "Kovacs,Zs1"]
[Result "1/2-1/2"]
[WhiteElo "2293"]
[BlackElo "2318"]

1.d4 d5 2.Nf3 Nf6 3.c4 c6 4.g3 Bg4 5.Bg2 Nbd7 6.Nc3 e6 7.Qb3 Qb6 8.O-O Be7
9.c5 Qxb3 10.axb3 O-O 11.b4 a6 12.Re1 Rac8 13.Bf4 Rfe8 14.Nd2 Bd8 15.e4 dxe4
16.Ndxe4 Nxe4 17.Nxe4 Bc7 18.Nd6 Bxd6 19.Bxd6 Ra8 20.Ra3 Nf6 21.b5 axb5 22.Rea1 Rxa3
23.Rxa3 Bf5 24.f3 Nd5 25.f4 Rc8 26.Ra7  1/2-1/2

[Event "TCh-HUN 2008-9"]
[Site "Budapest HUN"]
[Date "2008.11.02"]
[Round "2"]
[White "Lorincz,I"]
[Black "Farago,S"]
[Result "0-1"]
[WhiteElo "2300"]
[BlackElo "2251"]

1.d4 d5 2.Nf3 Nf6 3.c4 c6 4.Qc2 g6 5.Bf4 a6 6.e3 Bf5 7.Bd3 Bxd3 8.Qxd3 Nbd7
9.Nbd2 Bg7 10.h3 O-O 11.O-O b5 12.cxb5 cxb5 13.Rfc1 Qb6 14.Bc7 Qb7 15.Nb3 Rac8
16.Na5 Qa8 17.a4 bxa4 18.Rc2 Ne8 19.Bg3 Nb6 20.Rac1 Rxc2 21.Rxc2 Nf6 22.Rc7 Ne4
23.Bf4 Rc8 24.Qc2 Bf8 25.Ne5 g5 26.Bg3 f6 27.Nd7 Rxc7 28.Qxc7 Nxd7 29.Qxd7 Nxg3
30.fxg3 Qb8 31.Qxd5+ Kg7 32.Nb7 Qxg3 33.Qe6 Qe1+ 34.Kh2 Qb4 35.Nc5 Qb8+ 36.Kh1 Qxb2
37.Qc4 a3 38.Ne6+ Kh6 39.Qc8 Bg7 40.Qg8 Qb1+ 41.Kh2 Qg6 42.Nd8 f5 43.Kh1 Bxd4
44.Qb3 Qb6 45.Nf7+ Kg7 46.Qxa3 Bxe3  0-1

[Event "Russia Cup Final"]
[Site "Serpuhov RUS"]
[Date "2008.11.06"]
[Round "1.2"]
[White "Romanov,E"]
[Black "Nepomniachtchi,I"]
[Result "1/2-1/2"]
[WhiteElo "2565"]
[BlackElo "2616"]

1.d4 d5 2.Nf3 Nf6 3.c4 c6 4.Qb3 e6 5.Bg5 dxc4 6.Qxc4 b5 7.Qc2 Bb7 8.e3 Nbd7
9.Bd3 h6 10.Bh4 a6 11.a4 Bb4+ 12.Nc3 c5 13.axb5 axb5 14.O-O c4 15.Be4 Rxa1
16.Rxa1 Bxe4 17.Nxe4 O-O 18.Ne5 Qc7 19.Nxf6+ Nxf6 20.b3 Bd6 21.bxc4 Bxe5
22.dxe5 Qxe5 23.Ra5 Rc8 24.Qb1 Qc3 25.Rxb5 Qxc4 26.Rb8 Nd5 27.Rxc8+  1/2-1/2

[Event "Russia Cup Final"]
[Site "Serpuhov RUS"]
[Date "2008.11.08"]
[Round "2.2"]
[White "Landa,K"]
[Black "Moiseenko,A1"]
[Result "1-0"]
[WhiteElo "2613"]
[BlackElo "2678"]

1.Nf3 d5 2.d4 Nf6 3.c4 c6 4.Qb3 e6 5.Bg5 Nbd7 6.Nc3 Be7 7.e3 O-O 8.Bd3 dxc4
9.Bxc4 c5 10.O-O a6 11.a4 cxd4 12.exd4 Nb6 13.Be2 Nbd5 14.Ne5 h6 15.Bxf6 Bxf6
16.Bf3 Ne7 17.Qc4 Nf5 18.Rfd1 Rb8 19.Ne4 b5 20.Qc3 Bb7 21.Nxf6+ gxf6 22.Bxb7 Rxb7
23.Nc6 Qd6 24.axb5 axb5 25.Qf3 Qd5 26.Qxd5 exd5 27.Rac1 Re8 28.Kf1 Rc7 29.Rc5 Re4
30.b4 Kg7 31.g3 h5 32.Rd2 h4 33.Kg2 hxg3 34.hxg3 Nd6 35.Na5 Nc4 36.Rd3 Rxc5
37.dxc5 Nxa5 38.bxa5 Ra4 39.Rxd5 Rxa5 40.c6 Ra4 41.Rc5 Ra8 42.Rxb5 Rc8 43.Rc5 Kf8
44.Kf3 Ke7 45.Kf4 Kd6 46.Rc2 Ke6 47.c7 f5 48.Rc3 Kf6 49.Rc6+  1-0

[Event "38th Olympiad"]
[Site "Dresden GER"]
[Date "2008.11.14"]
[Round "2"]
[White "Vargas Serano,P"]
[Black "Galvez Dastin,E"]
[Result "0-1"]
[WhiteElo "1829"]
[BlackElo "2178"]

1.d4 d5 2.c4 c6 3.Nf3 dxc4 4.e3 Be6 5.a4 Nf6 6.Nc3 Bd5 7.Ne5 e6 8.f3 c5 9.dxc5 Qc7
10.Nxc4 Bxc5 11.Nb5 Qe7 12.e4 Bxc4 13.Bxc4 Nc6 14.Bf4 Rd8 15.Qc1 O-O 16.e5 Nd5
17.Bg5 f6 18.exf6 gxf6 19.Bh6 Rfe8 20.Kf1 Ne5 21.Na3 Rc8 22.Bxd5 Bxa3 23.Qd2 Bb4
24.Qd4 exd5 25.Qxd5+ Qf7 26.Qd1 Qc4+ 27.Kf2 Qh4+ 28.g3 Qxh6 29.Qb3+ Kh8 30.f4 Ng4+
31.Kg2 Rc2+ 32.Kf1 Ne3+  0-1

[Event "38th Olympiad"]
[Site "Dresden GER"]
[Date "2008.11.14"]
[Round "2"]
[White "Drasko,M"]
[Black "Avrukh,B"]
[Result "0-1"]
[WhiteElo "2537"]
[BlackElo "2657"]

1.d4 d5 2.c4 dxc4 3.Nf3 c6 4.e3 Be6 5.a4 Nf6 6.Na3 Bd5 7.Nxc4 e6 8.Be2 c5
9.O-O Nc6 10.Nce5 cxd4 11.Nxc6 bxc6 12.Nxd4 Bd6 13.Qc2 O-O 14.Bf3 Qb6 15.a5 Qa6
16.e4 Bc4 17.Rd1 Be5 18.Be3 c5 19.Nc6 Qxc6 20.Qxc4 Rfc8 21.Rab1 Qc7 22.b4 Bxh2+
23.Kh1 cxb4 24.Qxc7 Bxc7 25.e5 Nd5 26.Bxd5 exd5 27.Rxd5 Rcb8 28.a6 h6 29.Rb3 g5
30.g3 Bb6 31.Bd4 Bxd4 32.Rxd4 Rb6 33.Rdxb4 Rxa6 34.Rb7 Re6 35.Rf3 Rf8 36.Rf5 a6
37.Ra7 f6 38.exf6 Rexf6 39.Rxf6 Rxf6 40.f4 g4 41.Kg2 Rb6 42.Kf2 h5 43.Ke3 Rb3+
44.Kf2 Rb2+ 45.Kg1 Rb6 46.Kf2 Kf8 47.Ke3 Rb3+ 48.Ke4 Rxg3 49.Rxa6 h4 50.Kf5 h3
51.Rh6 Rg2 52.Kg6 h2 53.f5 g3 54.f6 Ke8 55.f7+ Ke7 56.Rh8 Rf2  0-1

[Event "38th Olympiad"]
[Site "Dresden GER"]
[Date "2008.11.14"]
[Round "2"]
[White "Laouini,Sa"]
[Black "Haznedaroglu,K"]
[Result "0-1"]
[WhiteElo "2209"]
[BlackElo "2436"]

1.d4 d5 2.c4 c6 3.Nf3 Nf6 4.g3 Bf5 5.Bg2 e6 6.Nbd2 h6 7.O-O Nbd7 8.b3 Be7
9.Bb2 O-O 10.Ne5 a5 11.a3 Bh7 12.Re1 Qb6 13.Nxd7 Nxd7 14.e4 dxe4 15.Nxe4 Nf6
16.c5 Qc7 17.Nd2 Rad8 18.Rc1 Nd7 19.Qe2 Bf6 20.Nc4 Rfe8 21.Bc3 Ra8 22.a4 e5
23.Bh3 Re7 24.Bxd7 exd4 25.Qxe7 Bxe7 26.Rxe7 dxc3 27.Rxc3 Bf5 28.Rf3 Kf8
29.Rxf7+ Kxf7 30.Nd6+ Kg8 31.Bxf5 Qe7 32.Re3 Qf6 33.Be6+ Kh7 34.Nxb7 Rf8
35.Re2 Qc3 36.Bc4 Qb4 37.Re7 Qc3 38.h4 Rxf2 39.Bd3+ Qxd3 40.Kxf2 Qxb3 41.Nd8 Qb2+
42.Ke1 Qc3+ 43.Ke2 Qxg3 44.Re4 Qg2+ 45.Ke3 Qg1+ 46.Kf4 Qf2+ 47.Kg4 h5+ 48.Kxh5 Qf5+  0-1

[Event "9th Open"]
[Site "Liberec CZE"]
[Date "2008.11.15"]
[Round "1"]
[White "Meszaros,Lu"]
[Black "Kapoun,M"]
[Result "1-0"]
[WhiteElo "2223"]
[BlackElo "1835"]

1.d4 d5 2.c4 dxc4 3.Nf3 c6 4.e4 b5 5.a4 Qb6 6.Be3 e6 7.d5 Bb4+ 8.Nc3 Bxc3+
9.bxc3 Qa5 10.Bd4 Nf6 11.axb5 Qxb5 12.Rb1 Qa6 13.Bxf6 gxf6 14.Qd4 Nd7 15.Bxc4 e5
16.Qd3 Qa4 17.O-O cxd5 18.Qxd5 O-O 19.Ra1 Nb6 20.Rxa4 Nxd5 21.Bxd5 Rb8 22.Rxa7 Be6
23.Bxe6 fxe6 24.Rd1 Rfd8 25.Rxd8+ Rxd8 26.Kf1 Rc8 27.Ra3 Kf7 28.Ke2 Rc7 29.Nd2 Ke7
30.c4 Kd7 31.Kd3 Ke7 32.Nb3 Kd7 33.c5 Ke7 34.Kc4 Kd7 35.Ra8 f5 36.exf5 exf5
37.Kd5 e4 38.Rh8 h6 39.c6+ Ke7 40.Nc5 Kf6 41.Rxh6+ Kg5 42.Ne6+ Kxh6 43.Nxc7 f4
44.Kxe4  1-0

[Event "38th Olympiad"]
[Site "Dresden GER"]
[Date "2008.11.16"]
[Round "4"]
[White "Nguyen Ngoc Truong Son"]
[Black "Kojima,S"]
[Result "1/2-1/2"]
[WhiteElo "2567"]
[BlackElo "2272"]

1.Nf3 d5 2.d4 Nf6 3.c4 c6 4.Qc2 dxc4 5.Qxc4 Bf5 6.g3 e6 7.Bg2 Nbd7 8.Nc3 Be7
9.O-O O-O 10.Re1 Ne4 11.Qb3 Qb6 12.Nh4 Qxb3 13.axb3 Bb4 14.Bxe4 Bxe4 15.Ra4 Bxc3
16.bxc3 c5 17.dxc5 Nxc5 18.Rc4 b6 19.Ba3 Bd5 20.Bxc5 bxc5 21.Rxc5 Bxb3 22.Ra1 h6
23.Ra3 Rfb8 24.f4 Bd5 25.Kf2 Rc8 26.Rca5 Rc7 27.Nf5 exf5 28.Rxd5 g6 29.Rda5 Rac8
30.Rxa7 Rxa7 31.Rxa7 Rxc3  1/2-1/2

[Event "38th Olympiad"]
[Site "Dresden GER"]
[Date "2008.11.16"]
[Round "4"]
[White "Pitterson,J"]
[Black "Flanders,C"]
[Result "1-0"]
[WhiteElo "2223"]
[BlackElo "2021"]

1.d4 d5 2.Nf3 c6 3.c4 Nf6 4.Qb3 e6 5.g3 Nbd7 6.Bg2 dxc4 7.Qxc4 Bd6 8.O-O O-O
9.Nc3 Qc7 10.e4 e5 11.Rd1 Nb6 12.Qd3 Bg4 13.Bg5 Qe7 14.h3 Bxf3 15.Qxf3 exd4
16.Rxd4 Be5 17.Rd3 h6 18.Bf4 Rad8 19.Bxe5 Qxe5 20.Rad1 Rd7 21.Rxd7 Nfxd7
22.Qe3 Qe7 23.Qd4 Nc5 24.b3 Ne6 25.Qe3 Rd8 26.Rd3 Rxd3 27.Qxd3 Qc5 28.Ne2 Qa5
29.Nc3 Qc5 30.h4 Nd4 31.Kh2 Ne6 32.f4 Qf2 33.a4 Qd4 34.Qxd4 Nxd4 35.b4 Nc2
36.b5 Nxa4 37.bxc6 bxc6 38.Nxa4 Nd4 39.Kg1 Kf8 40.Kf2 Ke7 41.Ke3 Nb3 42.e5 Kd7
43.Bf1 Na5 44.Nc5+ Kc7 45.Kd4 Nb7 46.Nxb7 Kxb7 47.Kc5 Kc7 48.Bc4 f6 49.e6 a5
50.f5  1-0

[Event "17th North American FIDE Inv"]
[Site "Skokie USA"]
[Date "2008.11.17"]
[Round "5"]
[White "Young,A PHI"]
[Black "Morales Garcia,S"]
[Result "1-0"]
[WhiteElo "2358"]
[BlackElo "2279"]

1.d4 d5 2.Nf3 Nf6 3.c4 c6 4.Nbd2 e6 5.g3 Bd6 6.Bg2 O-O 7.O-O b6 8.Qc2 Ba6
9.b3 Nbd7 10.Bb2 Rc8 11.e4 Nxe4 12.Nxe4 dxe4 13.Qxe4 c5 14.Rad1 Nf6 15.Qb1 Qe7
16.dxc5 Bxc5 17.Ng5 g6 18.Bxf6 Qxf6 19.Ne4 Qe5 20.Rd7 b5 21.b4 Bd4 22.c5 Rc7
23.Rd6 Bb7 24.Qd3 Bxe4 25.Bxe4 Bc3 26.f4 Qf6 27.Qxb5 a6 28.Qa5 Rfc8 29.c6  1-0

[Event "38th Olympiad w"]
[Site "Dresden GER"]
[Date "2008.11.22"]
[Round "9"]
[White "Peng Zhaoqin"]
[Black "Cramling,P"]
[Result "1/2-1/2"]
[WhiteElo "2455"]
[BlackElo "2550"]

1.d4 d5 2.c4 c6 3.Nf3 Nf6 4.Qc2 dxc4 5.Qxc4 Bf5 6.Nc3 e6 7.g3 Nbd7 8.Bg2 Be7
9.O-O O-O 10.Re1 h6 11.e4 Bh7 12.Qe2 Re8 13.Bf4 Rc8 14.Rad1 b5 15.e5 Nd5
16.Nxd5 cxd5 17.Qxb5 Rb8 18.Qa6 Rxb2 19.Rc1 Qb8 20.Bd2 Rb6 21.Qa4 Rb7 22.Bf1 Nb6
23.Qa6 Be4 24.Be2 Na8 25.Bc3 Nc7 26.Qa4 Bb4 27.Nd2 Bg6 28.Nb3 Be7 29.Na5 Rb6
30.Nc6 Qb7 31.Ba5 Rb2 32.Bxc7 Qxc7 33.Nxa7 Qb8 34.Bb5 Rf8 35.Nc6 Qxb5 36.Nxe7+ Kh7
37.Qxb5 Rxb5 38.Nxg6 Kxg6 39.Re2 Ra8 40.f3 Ra3 41.Rcc2 Rxf3 42.Rf2 Rd3 43.Rc7 Rxd4
44.Kg2 Ra4 45.Kh3 f6 46.Rc6 Re4 47.Rxe6 Rxe5 48.Rd6 Kf7 49.Rd2 Ke7 50.Ra6 Rb7
51.Kg2 Rd7 52.a4 Re4 53.Kf3 h5 54.Rxd5 Rxd5 55.Kxe4 Re5+ 56.Kf3 g5 57.h4 g4+
58.Kf2 Kf7 59.Rb6 Rf5+ 60.Kg2 Rf3 61.a5 Ra3 62.Rb5 Ra2+ 63.Kf1 Kg6 64.Rc5 Ra4
65.Kf2 Ra3 66.Kg2 Ra2+ 67.Kg1 Kh6 68.Rb5 Rc2 69.Kf1 Kg6 70.Kg1 Rd2 71.Rc5 Ra2
72.Rb5 Ra4 73.Kf2 Ra3 74.Kg2 Rf3 75.Rb4 Ra3 76.Rb5 Ra1 77.Rc5 Ra2+ 78.Kf1 Ra4
79.Kf2 f5 80.Rc6+ Kg7 81.a6 f4 82.gxf4 Rxf4+ 83.Kg2 Ra4 84.Rb6 Ra3 85.Rc6 Kh7
86.Rb6 Kg7 87.Rb5  1/2-1/2

[Event "38th Olympiad"]
[Site "Dresden GER"]
[Date "2008.11.23"]
[Round "10"]
[White "Polaczek,R"]
[Black "Gilruth,P"]
[Result "0-1"]
[WhiteElo "2419"]
[BlackElo "2185"]

1.d4 d5 2.Nf3 c6 3.c4 Nf6 4.Qc2 g6 5.Bf4 Bf5 6.Qb3 Qb6 7.e3 Bg7 8.Nc3 Nbd7
9.h3 O-O 10.Be2 h6 11.O-O Be6 12.c5 Qxb3 13.axb3 Ne4 14.Nxe4 dxe4 15.Nd2 Bd5
16.Nc4 e5 17.Nxe5 Nxe5 18.Bxe5 Bxe5 19.dxe5 Rfe8 20.b4 a6 21.Rfd1 Rxe5 22.Rd4 f5
23.Rad1 Kf7 24.g4 Kf6 25.Kg2 Rae8 26.Kg3 R8e7 27.Rg1 Rg7 28.Rdd1 Rg8 29.Kf4 g5+
30.Kg3 Rg7 31.Rh1 Be6 32.Rd6 Rd5 33.Rd1 Rxd1 34.Bxd1 Rd7 35.gxf5 Rxd6 36.cxd6 Bxf5
37.Bg4 Bg6 38.Bc8 b6 39.Bb7 Ke6 40.Bxc6 Kxd6 41.Bb7 a5 42.bxa5 bxa5 43.f3 exf3
44.Bxf3 Kc5 45.Bg4 Kc4 46.Be6+ Kd3 47.Kf2 Be4 48.b3 Kd2 49.Bf7 Kd3 50.Be6 h5
51.Bf7 h4 52.Be6 Kd2 53.Bf7 Bf5 54.Kf3 Kd3 55.Bc4+ Kc3 56.e4 Bxh3 57.e5 a4
58.Bf7  0-1

[Event "38th Olympiad"]
[Site "Dresden GER"]
[Date "2008.11.23"]
[Round "10"]
[White "Pitterson,J"]
[Black "Al Qudaimi,B"]
[Result "1/2-1/2"]
[WhiteElo "2223"]
[BlackElo "2464"]

1.d4 d5 2.c4 c6 3.Nf3 Nf6 4.Qb3 e6 5.g3 Bd6 6.Bg2 Nbd7 7.O-O O-O 8.Nc3 b6
9.Nd2 Bb7 10.e4 Bc7 11.Qc2 dxc4 12.Nxc4 c5 13.dxc5 Nxc5 14.Rd1 Qb8 15.b4 Ncd7
16.Bb2 Rc8 17.Qe2 Ne5 18.Ne3 Nc6 19.a3 Be5 20.f4 Bd4 21.Nb5 Bxb2 22.Qxb2 Ne8
23.e5 a5 24.Rac1 axb4 25.axb4 Ra4 26.Nd6 Nxd6 27.exd6 Nd8 28.d7 Rxc1 29.Rxc1 Ra8
30.Qd4 Bxg2 31.Nxg2 Qb7 32.Ne3 h5 33.f5 b5 34.fxe6 fxe6 35.g4 h4 36.g5 h3
37.Qd2 Qe4 38.Qf2 Ra7 39.Rd1 Ra3 40.Re1 Rd3 41.Qg3 Qxb4 42.g6 Qe4 43.Qg5 Rxd7
44.Qh5 Rd2 45.Qh7+ Kf8 46.Qh8+ Ke7 47.Qxg7+ Kd6 48.Qf8+ Kd7 49.Qg7+ Kd6 50.Qf8+ Kc7
51.Qe7+ Rd7 52.Qf6 Nc6 53.Kf2 Kb7 54.g7 Qh7 55.Rg1 Rd2+ 56.Kg3 Rd7 57.Kf2 Rd2+
58.Kg3 Rd8 59.Kf2 Rg8 60.Rg6 Nd4 61.Qe7+ Kc6 62.Rg1 Kb6  1/2-1/2

[Event "Mediterranean Open"]
[Site "Rijeka CRO"]
[Date "2008.12.01"]
[Round "4"]
[White "Saric,A"]
[Black "Golubovic,B"]
[Result "1-0"]
[WhiteElo "2505"]
[BlackElo "2405"]

1.d4 d5 2.c4 c6 3.Nf3 Nf6 4.Qb3 e6 5.Bg5 Be7 6.e3 Nbd7 7.Nc3 O-O 8.Be2 dxc4
9.Qxc4 Nd5 10.Bxe7 Qxe7 11.O-O Nxc3 12.Qxc3 c5 13.Rfd1 b6 14.Bb5 Bb7 15.Bxd7 Bxf3
16.gxf3 Qxd7 17.dxc5 Qc6 18.Kg2 bxc5 19.b4 Rac8 20.Rac1 Qa6 21.bxc5 Qxa2
22.c6 Qa6 23.c7 h6 24.Qc5 Rfe8 25.Rd7 e5 26.Qd5 Qg6+ 27.Kf1 Qa6+ 28.Kg2 Qg6+
29.Kh1 Qf6 30.Rc6 Qf5 31.Rd8 Kh7 32.Rd7 f6 33.Rc1 Kh8 34.Rg1 Rg8 35.Rg3 a5
36.Rd8 Qh7 37.Qd7 Qb1+ 38.Kg2  1-0

[Event "58th ch-GRE"]
[Site "Rhodes GRE"]
[Date "2008.12.07"]
[Round "8"]
[White "Papaioannou,I"]
[Black "Darmarakis,M"]
[Result "1/2-1/2"]
[WhiteElo "2597"]
[BlackElo "2194"]

1.d4 d5 2.Nf3 Nf6 3.c4 c6 4.Nbd2 g6 5.g3 Bg7 6.Bg2 O-O 7.O-O a5 8.b3 a4 9.b4 Ne4
10.c5 Bf5 11.a3 Nxd2 12.Qxd2 Be4 13.Bb2 Na6 14.Ne1 Bxg2 15.Kxg2 Nc7 16.h4 h5
17.Nd3 Qd7 18.Rae1 Rad8 19.Qd1 Nb5 20.e3 Qf5 21.f3 Rd7 22.Kh2 Re8 23.g4 hxg4
24.fxg4 Qe6 25.Rf4 f6 26.g5 Rdd8 27.Rg1 Rf8 28.Qe2 fxg5 29.Rxg5 Bh6 30.Rxg6+ Qxg6
31.Rg4 Rf6 32.Rxg6+ Rxg6 33.Ne5 Rg7 34.Ng4 Rh7 35.e4 Bf4+ 36.Kh3 Nc7 37.Bc3 Kh8
38.Be1 Rg8 39.exd5 Nxd5 40.Ne5 Rg1 41.Bf2  1/2-1/2

[Event "TCh-SLO"]
[Site "Murska Sobota SLO"]
[Date "2008.12.08"]
[Round "3"]
[White "Gyimesi,Z"]
[Black "Solak,D"]
[Result "1/2-1/2"]
[WhiteElo "2592"]
[BlackElo "2595"]

1.d4 d5 2.c4 c6 3.Nf3 Nf6 4.Qb3 dxc4 5.Qxc4 Bf5 6.g3 e6 7.Bg2 Nbd7 8.O-O Be7
9.Nc3 O-O 10.Re1 Ne4 11.Qb3 Qb6 12.Nh4 Bxh4 13.gxh4 Ndf6 14.Nxe4 Bxe4 15.Qxb6 axb6
16.f3 Bg6 17.e4  1/2-1/2

[Event "III Open"]
[Site "Palma de Mallorca ESP"]
[Date "2008.12.10"]
[Round "5"]
[White "Andres Gonzalez,A"]
[Black "Dimitrijeski,B"]
[Result "1-0"]
[WhiteElo "2465"]
[BlackElo "2217"]

1.d4 d5 2.Nf3 Nf6 3.c4 c6 4.Qc2 dxc4 5.Qxc4 Bf5 6.Nc3 e6 7.g3 Be7 8.Bg2 O-O
9.O-O Nbd7 10.Bg5 h6 11.Bxf6 Nxf6 12.e3 Ne4 13.Rfd1 Nxc3 14.bxc3 Be4 15.Nd2 Bxg2
16.Kxg2 Qd5+ 17.e4 Qxc4 18.Nxc4 b6 19.a4 Bf6 20.Rd3 Rfd8 21.f4 h5 22.Kf3 Rd7
23.h3 g6 24.g4 hxg4+ 25.hxg4 Rad8 26.Rad1 Kf8 27.Ne3 Bg7 28.g5 f6 29.gxf6 Bxf6
30.e5 Bg7 31.Ke4 Bh6 32.Rh1 Bg7 33.Rd2 Kf7 34.Nc4 c5 35.Nd6+ Rxd6 36.exd6 Rxd6
37.Rc1 Rd5 38.Rdd1 Ke7 39.Rb1 Bf6 40.Rb5 Kd7 41.Rg1 cxd4 42.c4 Rd6 43.Kd3 Ke7
44.Rxg6 Rd8 45.Rh5 Kf7 46.Rg2 Ke7 47.Rh7+ Kd6 48.Rg6 Rf8 49.Rxa7  1-0